| 000 | 00716cam a22002291 4500 | ||
|---|---|---|---|
| 001 | agr47000071 | ||
| 003 | DLC | ||
| 005 | 20260227111006.0 | ||
| 008 | 750723s1946 xx 000 0 eng | ||
| 010 | _aagr47000071 | ||
| 035 | _a(OCoLC)1470302 | ||
| 040 |
_aDLC _cFJ _dDLC |
||
| 050 | 0 | 0 |
_aSB415 _b.C45 |
| 082 |
_a635.982 _a90.13C34 |
||
| 100 | 1 |
_aChabot, Ernest Daniel, _d1902- |
|
| 245 | 1 | 0 |
_aGreenhouse gardening for everyone, _cby Ernest Chabot. |
| 260 |
_aNew York, _bM. Borrows and company, inc. _c[1946] |
||
| 300 |
_axiv p., 1 l., 17-206 p. _bcol. front., illus. (incl. plans, diagrs.) plates, port. _c21 cm. |
||
| 500 | _a"First printong." | ||
| 650 | 0 | _aGreenhouses. | |
| 650 | 0 | _aGreenhouse gardening. | |
| 999 |
_c10585 _d10585 |
||